| 000 | 00402cam a2200157 4500 | ||
|---|---|---|---|
| 001 | D11747 | ||
| 008 | 090401t xxu||||| |||| 00| 0 eng d | ||
| 035 | _a(Sirsi) u99476 | ||
| 041 | _aeng | ||
| 100 | _aWatson, R.B. | ||
| 245 | 4 | _aThe influence of tendering methods on cost control | |
| 350 | _a0 | ||
| 520 | _aIn RICS. Cost control of building services. 1980/6 A | ||
| 942 | _n0 | ||
| 948 | _c04/03/1997 | ||
| 999 |
_c99349 _d99349 |
||